• 首页
  • 本馆介绍
  • 公告通知
  • 最新文献
  • 馆藏检索
  • 电子资源
  • 读者导购
  • 参考咨询
  • 我的图书馆
  • 登录
  • 详细信息显示
  • 放入我的书架
  • 预约/预借图书
  • 作者相关作品
  • 分类相关作品
  • 丛书相关作品
  • 出版社相关作品

书目信息

  • 表格格式
  • 工作单格式
  • 卡片格式
题名:
最优化方法
    
 
作者: 吐尔 著 ;曹叔维 , 欧天垣 译
分册:  
出版信息: 北京   机械工业出版社  1982
页数: 267页
开本: 21cm
丛书名:
单 册:
中图分类: O224
科图分类:
主题词: 最优化算法
电子资源:
ISBN:
000 00696nam0 2200253 45
001 0182001089
005 20060805155007.40
010    @dCNY1.10
091    @aCN@b15033.5115
100    @a19950624d1982 em y0chiy0121 ea
101 1  @achi@cger
102    @aCN@b110000
105    @ay z 000yy
200 10 @a最优化方法@Azui you hua fang fa@f(德)海宁·吐尔著@g欧天垣, 曹叔维译
210    @a北京@c机械工业出版社@d1982
215    @a267页@d21cm
606    @a最优化算法
690    @aO224@v3
701  1 @a吐尔@Atu er@b海宁@4著
702  0 @a曹叔维@Acao shu wei@4译
702  0 @a欧天垣@Aou tian yuan@4译
801  2 @aCN@bNLC@c20060805
801  0 @aCN@bTSSF@c20060727
905    @a10447@dO224@e106
    
    最优化方法/(德)海宁·吐尔著/欧天垣, 曹叔维译.-北京:机械工业出版社,1982
    267页;21cm
    
    
    ISBN :CNY1.10
    
●
相关链接 在E读中查询图书 在五车中查询图书 在当当中查询图书 在豆瓣中查询图书


正题名:最优化方法     索取号:O224/106         预约/预借

序号 登录号 条形码 馆藏地/架位号 状态 备注
1 0430551   204305518   密集书库/ [索取号:O224/106] 在馆    
2 0430552   204305527   密集书库/ [索取号:O224/106] 在馆    
3 0430553   204305536   密集书库/ [索取号:O224/106] 在馆    
4 0430554   204305545   密集书库/ [索取号:O224/106] 在馆    
5 0442466   204424667   密集书库/ [索取号:O224/106] 在馆    
6 0449685   204496857   密集书库/ [索取号:O224/106] 在馆    
唐山师范学院图书馆 欢迎您!
大连网信软件有限公司© 版权所有